000 01359nam a2200301 a 4500
001 ebr10651473
003 CaPaEBR
006 m u
007 cr cn|||||||||
008 130206s2013 wlka sb 001 0 eng d
020 _z9780708325629
020 _z9780708325636 (e-book)
040 _aCaPaEBR
_cCaPaEBR
035 _a(OCoLC)828742576
043 _ae-uk-wl
050 1 4 _aHQ789
_b.U55 2013eb
245 0 4 _aThe United Nations Convention on the Rights of the Child in Wales
_h[electronic resource] /
_cedited by Jane Williams.
260 _aCardiff :
_bUniversity of Wales Press,
_c2013.
300 _axviii, 230 p. :
_bill.
504 _aIncludes bibliographical references and index.
505 0 _apt. I. The UNCRC in Wales-- and Wales in the UNCRC -- pt. II. Making it work : realising children's rights in selected policy areas -- pt. III. Ensuring it works : accountability and participation.
533 _aElectronic reproduction.
_bPalo Alto, Calif. :
_cebrary,
_d2013.
_nAvailable via World Wide Web.
_nAccess may be limited to ebrary affiliated libraries.
650 0 _aChildren's rights
_zWales.
655 7 _aElectronic books.
_2local
700 1 _aWilliams, Jane.
710 2 _aebrary, Inc.
856 4 0 _uhttp://site.ebrary.com/lib/rucke/Doc?id=10651473
_zAn electronic book accessible through the World Wide Web; click to view
999 _c73956
_d73956